Quizzes
Events
Quiz Creation
Community
Videos
Private Events
Remove Ads
Sign In
Join for FREE
Feedback
Dark Mode
Quiz Categories
Sports
Geography
Music
Movies
Television
Just For Fun
Miscellaneous
History
Literature
Language
Science
Gaming
Entertainment
Religion
Holiday
For Kids
Quiz Lab
Recent
Popular Today
Quiz Kudos Today
Editor Picks
Curator Picks
Quizzes by...
Day
Popularity
Type
Ratings
Length
Year
Community
Subscriptions
Recent Discussions
Orange Saloon
Badges
Playlists
Quests
Create
Leaderboards
Showdown
Live 5
Trivia Bingo
Activity
Puzzle Library
Sporcle Events
Private Events
Virtual Trivia
Globe League
Become a Host
Pub Owners
SporcleCon
Opinionation
Our Games
Videos
Blog
Mobile Apps
Partnerships
Remove Ads and Go Orange
Feedback
Music
Pop Music
The Beatles
Song
Album
Lyrics
Bands
Singers
Artist
Clip
Rock
Rap
Classical
Billboard
Country Music
Kpop
Taylor Swift
Music
Pop Music
The Beatles
Song
Album
Lyrics
Bands
Singers
Artist
Clip
Rock
Rap
Classical
Billboard
Country Music
Kpop
Taylor Swift
Random Quiz
Search Sporcle
×
Quiz Lab
Quiz Lab
Music
Kpop
Type in answers that appear in a list
Type in answers that appear in a list
Classic
Best Score? Go Orange.
Name That KPOP Song (Boygroup Version) Stats
Name That KPOP Song (Boygroup Version)
By
kpoptwinkie94
16m
30 Questions
691 Plays
691 Plays
691 Plays
Comments
Comments
Give Quiz Kudos
Give Quiz Kudos
-
- Ratings
hide this ad
Replay
Link that replays current quiz
Next Quiz
Link to next quiz in quiz playlist
You Got
0%
They Got
Avg Score
35%
Avg Friend Score
Upgrade to see
Score Distribution
Jump to the score distribution portion of the page
Score
0/30
Timer
16:00
0
Plays Today
Time
Song Title
% Correct
0:10-
0:19
1004
86%
1:40-
1:49
Fiction
77.7%
3:30-
3:39
Face
72.5%
0:40-
0:49
0330
64.8%
2:50-
2:59
Be Mine
64.3%
3:00-
3:09
A.D.T.O.Y
60.2%
4:20-
4:29
Supa Luv
55.1%
2:20-
2:29
1 4 3
50.9%
4:00-
4:09
Swing
47.3%
3:50-
3:59
Love Ya
47%
2:00-
2:09
You Know Me
41.7%
4:10-
4:19
Be The Light
41.2%
3:10-
3:19
Cry
41.1%
3:40-
3:49
Tried To Walk
39.1%
2:40-
2:49
Follow Me
34.6%
Time
Song Title
% Correct
0:50-
0:59
AB City
30.8%
1:30-
1:39
Look At Me Now
26.5%
0:00-
0:09
Father
25.8%
2:30-
2:39
We On
25.6%
1:00-
1:09
At First
25.3%
1:10-
1:19
Electricity
20.3%
4:40-
4:49
Say Love
20.3%
0:20-
0:29
Just That Little Thing
14%
4:50-
5:00
Not Young
13%
1:20-
1:29
Guy Like Me
9.8%
1:50-
1:59
Think
9.7%
3:20-
3:29
I'm Better
8.4%
0:30-
0:39
Ok About It
8%
4:30-
4:39
Body to Body
4.1%
2:10-
2:19
Stop It
3.5%
Quiz Playlist
Details
Report
Send in Message
Add To Playlist
Classic:
Type in answers that appear in a list
Last Updated: Feb 16, 2017
Quiz Scoreboard
CHALLENGE
Sign Up to Join the Scoreboard
Show All
Scores
Hide
Comments
May contain spoilers
Recently Published
Billboard Blitz: Fleetwood Mac
by CooCooCachoo
Music
15s
Presidents Visiting Landmarks
by Hejman
History
7m
An Introduction to Baseball
by treessimontrees
Sports
5m
More to Explore
Quiz From the Vault
Featured Blog Post
Where Did the Easter Bunny Come From?
hide this ad
You Might Also Like...
Tags
Kpop Quiz
Kpop Quiz
Today's Top Quizzes in Music
Browse Music
hide this ad
Today's Top Quizzes in Kpop
Browse Kpop
Top Contributed Quizzes in Music
1
Taylor Swift All Songs (2024)
2
Guess the Artist- 70s Songs
3
7-to-1: Billboard Hot 100 #1 Hits of 2010s
4
Sorting Albums and Songs
5
Taylor Swift Logic Puzzle
6
KPOP LOGIC QUIZ
7
2010s Album by Cover III
8
One Thing in Common: Music
9
Guess the Taylor Swift song (Mystery Song)
10
Guess The Taylor Swift Lyrics Song #1
Explore More
Trending Topics
Crossword
Harry Potter
Kpop
Marvel
Anime
NBA
Disney
Soccer
Country
WWE
Puzzle
NFL
Song
The Office
Pokémon
hide this ad
More By:
kpoptwinkie94
Quiz
Plays
Rating
Category
Featured
Created
Name That KPOP Song (Rap Parts Only)
1,037
5.00
Music
May 7, 2014
Name That KPOP Song (Instrumental Version)
850
4.80
Music
May 7, 2014
Name That KPOP Song (Boygroup Version)
691
2.00
Music
May 3, 2014
Name That KPOP Song (ABCs of Kpop)
539
1.00
Music
May 6, 2014
Name That KPOP Song (Boygroup Version) 2
423
2.33
Music
May 4, 2014
Go to Creator's Profile
Score Distribution
Quiz Creator Spotlight
kpoptwinkie94
Follow
Send a Message
Quizzes Created
-
Created Quiz Play Count
-
More By This Creator
Popular Quizzes Today
1
Find the US States - No Outlines Minefield
2
Find the Countries of Europe - No Outlines Minefield
3
The Countries of the World
4
Find the US States
5
Risky Map Clicking: Biggest States A-Z
6
US States
7
Popular People in 1961
8
Movies - When Are They Set?
More Music Quizzes
Rock Songs by Words in Movie Titles
Published
Trending Quizzes
Risky Map Clicking: Least Populous States A-Z
1-10 Letter G Words
1-10 Letter F Words
Risky Map Clicking: Next State Alphabetically
Risky Map Clicking: Biggest States A-Z
Recently Updated
Leaping Animals
pecheneg
Reality TV Shows (A-Z)
bhenderson79
Rickey Henderson's Hall of Fame Teammates
pecheneg
Champions League XIs: Arsenal
pecheneg
Quick Pick: Celebrities in WWE's Hall of Fame
aduchscher
A-Z Keypad Blitz II
pecheneg
Multiple Oscar Actors
pecheneg
Mystery Phrase Blitz: Oscar 'Best Actors'
pecheneg
F. Scott Fitzgerald Novels
LTH
Pick 3 Villains
ddd62291
Trending Topics
Marvel
Crossword
Harry Potter
Kpop
Anime
NBA
Disney
The Office
Soccer
NFL
Puzzle
Country
WWE
Pokémon
Song
Your Account Isn't Verified!
In order to create a playlist on Sporcle, you need to verify the email address you used during registration. Go to your
Sporcle Settings
to finish the process.
Report this User
Report this user for behavior that violates our
Community Guidelines
.
Details:
Send Report
Go to the Sporcle.com Mobile Site →
Comments